1051 1335 1897 1542 1986 1216 1222 1228 1849 1053 1296 1339 1041 1733 1135 1638 1034 1260 1121 1253 1234 1317 1193 1217 1012 1476 1345 1736 1736 1502 1396 1058 1112 1361 1120 1340 1083 1811 1203 1318 1298 1524 1609 1028 1730 1216 1670 1556 1594 1015 1531 1068 1013 1892 1907 1432 1003 1847 1216 1958 1407 1071 1449 1860 1546 1757 1231 1692 1704 1461 1793 1816 1849 1409 1539 1011 1542 1022 1711 1033 1757 1333 1616 1232 1608 1931 1587 1197 1408 1501 1974 1893 1596 1506 1797 1563 1331 1542 1923 BCNSPRNW ULIB Ver.6.0+V

เปลี่ยนเป็นภาษาไทย

Change to English
 แสดงรายละเอียดบรรณานุกรม
  กลับหน้าหลัก

Brief Record : Get Marc (ISO 2709) : E-mail record : QR code < ปิดหน้าต่าง
LEADER : 00000nam 2200000uu 4500
001    13399113401
003     ULIB
008    111110s2543||||th 000 0 tha d
020    9747798468
060 04 W^bป396ท 2543
245 00 ทางเลือกของผู้ป่วย :^bรวมข้อคิดจากมุมมองของผู้ป่วย แพทย์เภสัช พยาบาล เพื่อการพัฒนาระบบการรักษาผู้ป่วย /^cประสาน ต่างใจ, บรรณาธิการวิชาการ ; ธนพรรณ สิทธิสุนทร, บรรณาธิการเรื่อง
246 30 ทางเลือกของผู้ป่วย
260    กรุงเทพฯ :^bโครงการจัดพิมพ์คบไฟ,^c2543
300    157 หน้า ;^c21 ซม.
650  7 ผู้ป่วย^xสิทธิของพลเมือง
650  7 ผู้ป่วย, สิทธิ
650  7 ผู้ป่วย, การจัดการดูแล
650  7 สุขภาพจิต
700 0  ประสาน ต่างใจ,^eบรรณาธิการ
700 0  ธนพรรณ สิทธิสุนทร,^eบรรณาธิการ
995    กัณชพร
999    ^aใช้งานได้ทุกระบบ
รายการนี้ยังไม่มีแท็ก
คุณยังไม่ได้ล็อกอิน คุณสามารถมีกิจกรรมร่วมกับเว็บไซต์ได้ แต่ต้องล็อกอินก่อน ::
  ล็อกอิน

รายการสื่อสารสนเทศ

ลำดับที่ ประเภท เลขเรียก/บาร์โค้ด สถานที่ สถานะ
- ไม่พบข้อมูล -

รายการใกล้เคียง
    หัวเรื่อง [ผู้ป่วย, สิทธิ]
    หัวเรื่อง [ผู้ป่วย, การจัดการดูแล]
    หัวเรื่อง [สุขภาพจิต]

BibComment


ยังไม่เคยถูกคอมเมนท์

คอมเมนท์ทรัพยากรรายการนี้
  คอมเมนท์: ทางเลือกของผู้ป่ว..


 Copyright 2026. Bcnsprnw @Library